000 01082nam a2200253 a 4500
001 000034723
005 20200930073849.0
008 111019s1972 ag 000 f spa d
040 _aDO-SdBNP
_bspa
_cBNPHU
082 _a863.5
_bP438d, 1972
100 1 _aPérez Galdós, Benito,
_d1843-1920
_93681
245 1 0 _aDoña Perfecta /
_cBenito Pérez Galdós ; estudio preliminar y notas de Aurora Elvira Notari de Pando.
260 _aBuenos Aires :
_bKapelusz,
_c1972.
300 _a251 p. ;
_c16 cm.
490 1 _aGrandes obras de la literatura universal
_v84
500 _aIncluye resumen cronológico de la vida y la obra de Benito Pérez Galdós.
590 _aPerteneció a la biblioteca personal de Juan Isidro Jimenes Grullón
600 1 4 _aPÉREZ GALDÓS, BENITO,
_d1843-1920
_tDOÑA PERFECTA
_xCRÍTICA E INTERPRETACIÓN
_960182
650 4 _aNovela española
_91123
650 4 _aLiteratura española
_9632
700 1 2 _aNotari de Pando, Aurora Elvira
_960183
830 0 _aGrandes obras de la literatura universal
_v84
_95363
910 _aValidado. Control de calidad BNPHU
999 _c34214
_d34214